[Event "Open - Merged"]
[Site "Philadelphia"]
[Date "2001.07.07"]
[Round "6"]
[White "Van Buskirk, Charles"]
[Black "Magar, Thomas P"]
[Result "1-0"]
[WhiteElo "2365"]
[BlackElo "2205"]
[PlyCount "59"]
[EventDate "2001.07"]

1. d4 Nf6 2. c4 e6 3. Nc3 Bb4 4. f3 d5 5. a3 Be7 6. e4 dxe4 7. fxe4 e5 8. d5
Bc5 9. Nf3 Ng4 10. Na4 Bf2+ 11. Ke2 Bd4 12. Nxd4 exd4 13. Qxd4 O-O 14. h3 Nf6
15. Bg5 Nc6 16. Qe3 Ne5 17. Kd1 h6 18. Bh4 Nxd5 19. exd5 Qxh4 20. Qxe5 Bg4+ 21.
Kc2 Qf2+ 22. Kb3 Rfe8 23. Qxc7 b5 24. Nc3 Rac8 25. Qd6 bxc4+ 26. Bxc4 Bf5 27.
Rac1 Rb8+ 28. Bb5 Red8 29. Rhf1 Bc2+ 30. Rxc2 1-0

[Event "World Open, Open Section"]
[Site "Philadelphia"]
[Date "2001.07.07"]
[Round "7"]
[White "Belorusov, Mikhail"]
[Black "Ashley, Maurice A"]
[Result "0-1"]
[WhiteElo "2353"]
[BlackElo "2583"]
[PlyCount "66"]
[EventDate "2001.07"]

1. e4 c5 2. c3 Nf6 3. e5 Nd5 4. d4 cxd4 5. Qxd4 e6 6. Nf3 Nc6 7. Qe4 d6 8. Nbd2
f5 9. exf6 Nxf6 10. Qh4 d5 11. g4 d4 12. g5 dxc3 13. bxc3 Nd5 14. Bd3 Nf4 15.
Qxf4 Qxd3 16. Bb2 Be7 17. h4 Rf8 18. Qe3 Qc2 19. Rb1 b6 20. O-O Qf5 21. Nd4
Nxd4 22. cxd4 Bb7 23. Rbe1 Bd5 24. f3 Qh3 25. Qe5 Qxh4 26. Ne4 Rf5 27. Qh2
Qxh2+ 28. Kxh2 Bxa2 29. f4 Kd7 30. Rf2 Bd5 31. Kg3 Raf8 32. Kg4 Bxe4 33. Rxe4
Rxg5+ 0-1

[Event "World Open, Open Section"]
[Site "Philadelphia"]
[Date "2001.07.07"]
[Round "7"]
[White "Benjamin, Joel"]
[Black "Smirin, Ilya"]
[Result "1/2-1/2"]
[WhiteElo "2652"]
[BlackElo "2784"]
[PlyCount "88"]
[EventDate "2001.07"]

1. e4 c5 2. Nf3 e6 3. Nc3 a6 4. g3 b5 5. Bg2 Bb7 6. d3 d6 7. Ng5 h6 8. Nh3 Ne7
9. O-O g6 10. d4 Nd7 11. Be3 Bg7 12. Qd2 cxd4 13. Bxd4 Ne5 14. f4 Nc4 15. Qf2
Bxd4 16. Qxd4 Qb6 17. Qxb6 Nxb6 18. Nd1 Rc8 19. c3 d5 20. Nhf2 O-O 21. Ne3 Nc4
22. Nxc4 Rxc4 23. Rfd1 h5 24. Rd2 Rfc8 25. exd5 Bxd5 26. Re1 Kg7 27. a3 R4c6
28. Nd1 Bxg2 29. Kxg2 Nd5 30. Ne3 Nb6 31. Red1 Na4 32. Re2 Nc5 33. h3 Rb8 34.
g4 Rh8 35. Red2 Na4 36. Rf2 a5 37. Rd4 Nc5 38. f5 exf5 39. gxf5 Re8 40. Nd5 Ne4
41. Rf3 gxf5 42. Ne3 Rg6+ 43. Kh2 Kh8 44. Nxf5 Ng5 1/2-1/2

[Event "World Open, Open Section"]
[Site "Philadelphia"]
[Date "2001.07.07"]
[Round "7"]
[White "Blatny, Pavel"]
[Black "Fang, Joseph H"]
[Result "1/2-1/2"]
[WhiteElo "2602"]
[BlackElo "2280"]
[PlyCount "120"]
[EventDate "2001.07"]

1. g3 g6 2. Bg2 Bg7 3. f4 c5 4. c4 Nf6 5. Nf3 Nc6 6. Nc3 d5 7. cxd5 Nxd5 8.
Nxd5 Qxd5 9. O-O Qd7 10. Rb1 O-O 11. d3 Rb8 12. Be3 b6 13. a3 Bb7 14. b4 cxb4
15. axb4 Nd4 16. Qd2 Rfd8 17. Nxd4 Bxd4 18. b5 Bxg2 19. Kxg2 Rbc8 20. Bxd4 Qxd4
21. f5 Qd5+ 22. Rf3 Rc5 23. Qg5 Rd7 24. Qf4 Rd6 25. fxg6 hxg6 26. Rbf1 Rf6 27.
Qb8+ Kg7 {Diagram #} 28. Qxa7 Qe6 29. Rxf6 exf6 30. Rf2 Qd5+ 31. Rf3 Rxb5 32.
Qe7 Qc6 33. Kf2 Re5 34. Qb4 Qc2 35. Re3 Rf5+ 36. Rf3 Re5 37. Qe1 b5 38. d4 Rf5
39. Qb4 Qe4 40. Rxf5 Qxf5+ 41. Ke1 Qd5 42. Kd2 f5 43. Qc5 Qa2+ 44. Ke3 Qb3+ 45.
Kf2 b4 46. Qe5+ Kf8 47. d5 Qc3 48. Qxc3 bxc3 49. Ke3 Ke7 50. Kd3 Kd6 51. Kxc3
Kxd5 52. Kd3 Ke5 53. Ke3 g5 54. h3 f4+ 55. gxf4+ gxf4+ 56. Kf3 Kf5 57. h4 f6
58. h5 Kg5 59. Ke4 Kxh5 60. Kf5 f3 1/2-1/2

[Event "World Open, Open Section"]
[Site "Philadelphia"]
[Date "2001.??.??"]
[Round "7"]
[White "Bonin, Jay R"]
[Black "Siegel, Noah J"]
[Result "1-0"]
[WhiteElo "2448"]
[BlackElo "2299"]
[PlyCount "58"]
[EventDate "2001.07"]

1. d4 d5 2. Bg5 h6 3. Bh4 c6 4. c3 Bf5 5. Qb3 Qb6 6. Nd2 Nd7 7. Ngf3 Ngf6 8. e3
e6 9. Be2 Ne4 10. Nxe4 Bxe4 11. O-O Bd6 12. Nd2 Bf5 13. Rfe1 Nf6 14. Bxf6 gxf6
15. e4 Qxb3 16. axb3 dxe4 17. Bd1 Ke7 18. Nxe4 Bxe4 19. Rxe4 f5 20. Re1 Kf6 21.
b4 a6 22. Ra4 Rad8 23. h3 Rhe8 24. c4 f4 25. h4 Bc7 26. Bh5 e5 27. dxe5+ Rxe5
28. Rxe5 Kxe5 29. Bxf7 Bb6 1-0

[Event "World Open, Open Section"]
[Site "Philadelphia"]
[Date "2001.07.07"]
[Round "7"]
[White "Dunne, Alex"]
[Black "Schwartz Ylon"]
[Result "0-1"]
[WhiteElo "2275"]
[BlackElo "2334"]
[PlyCount "118"]
[EventDate "2001.07"]

1. d4 Nf6 2. c4 c5 3. d5 b5 4. cxb5 a6 5. b6 a5 6. Nc3 Ba6 7. g3 d6 8. Bg2 g6
9. Nf3 Bg7 10. O-O O-O 11. Re1 Nbd7 12. e4 Ng4 13. Bd2 Qxb6 14. Na4 Qa7 15. Bc3
Bxc3 16. Nxc3 Nge5 17. Bf1 Nxf3+ 18. Qxf3 Ne5 19. Qd1 Bxf1 20. Kxf1 a4 21. Kg2
Rfb8 22. Re2 Qa5 23. Rc1 Rb4 24. Rcc2 Rab8 25. Qc1 Nd3 26. Qa1 Rc4 27. Re3 Ne5
28. h3 Rcb4 29. Qc1 Qa6 30. Ree2 Nd3 31. Qa1 h5 32. Kg1 Qb7 33. Nd1 Qd7 34. Kg2
h4 35. Re3 Qb5 36. Ree2 hxg3 37. fxg3 Qb7 38. Kh2 Ne5 39. Rc3 Qb5 40. Rce3 Nc4
41. Rf3 Ne5 42. Rfe3 Qc4 43. Qb1 Qd4 44. Qc2 Qc4 45. Qb1 Kg7 46. Nc3 Qd4 47.
Nd1 Nc4 48. Rd3 Qe5 49. b3 Na5 50. Nf2 c4 51. Rf3 axb3 52. Ng4 bxa2 53. Qxa2
Qb2 54. e5 Qxa2 55. Rxa2 Rb2+ 56. Rxb2 Rxb2+ 57. Kg1 Rd2 58. exd6 exd6 59. Nf6
c3 0-1

[Event "World Open, Open Section"]
[Site "Philadelphia"]
[Date "2001.07.07"]
[Round "7"]
[White "Fedorowicz, John P"]
[Black "Kaufman, Lawrence"]
[Result "1/2-1/2"]
[WhiteElo "2607"]
[BlackElo "2461"]
[PlyCount "36"]
[EventDate "2001.07"]

1. e4 c6 2. d4 d5 3. Nc3 dxe4 4. Nxe4 Nd7 5. Ng5 Ngf6 6. Bd3 e6 7. N1f3 Bd6 8.
Qe2 h6 9. Ne4 Nxe4 10. Qxe4 Qc7 11. Qg4 Kf8 12. Qe4 b6 13. Qe2 c5 14. c3 Bb7
15. O-O Re8 16. Be4 Bxe4 17. Qxe4 Nf6 18. Qe2 cxd4 1/2-1/2

[Event "World Open, Open Section"]
[Site "Philadelphia"]
[Date "2001.07.07"]
[Round "7"]
[White "Fernandez, Daniel"]
[Black "Chiong, Luis R"]
[Result "0-1"]
[WhiteElo "2291"]
[BlackElo "2387"]
[PlyCount "28"]
[EventDate "2001.07"]

1. e4 c5 2. Nf3 d6 3. d4 cxd4 4. Nxd4 Nf6 5. Nc3 a6 6. Be3 b5 7. Nb3 Be6 8. Qd2
Nbd7 9. O-O-O d5 10. f3 Nb6 11. Qf2 Nfd7 12. f4 Na4 13. Nxd5 Bxd5 14. exd5 e6
0-1

[Event "World Open, Open Section"]
[Site "Philadelphia"]
[Date "2001.07.07"]
[Round "7"]
[White "Gaprindishvili, Valerian"]
[Black "Ehlvest, Jan"]
[Result "1/2-1/2"]
[WhiteElo "2473"]
[BlackElo "2703"]
[PlyCount "113"]
[EventDate "2001.07"]

1. d4 Nf6 2. c4 e6 3. Nc3 Bb4 4. e3 b6 5. Nge2 Ba6 6. a3 Bxc3+ 7. Nxc3 d5 8.
Qf3 c6 9. b3 O-O 10. g4 Nbd7 11. g5 Ne8 12. cxd5 Bxf1 13. dxc6 Ba6 14. cxd7 Nd6
15. Bb2 Qxd7 16. O-O-O f6 17. d5 e5 18. e4 fxg5 19. Qg3 Rae8 20. Rhg1 Rf4 21.
Qxg5 Rxf2 22. Rd2 Rf3 23. Rdg2 Re7 24. Rg3 Rxc3+ 25. Bxc3 Nxe4 26. Qh4 Nxg3 27.
Qxg3 Qd6 28. Kb2 Qxd5 29. Re1 Re6 30. Rxe5 Rxe5 31. Qxe5 Qg2+ 32. Ka1 h6 33.
Qb8+ Kh7 34. Qxa7 Qg1+ 35. Ka2 Bd3 36. a4 Qf2+ 37. Bb2 Qg1 38. a5 Bb1+ 39. Ka1
Bc2+ 40. Ka2 Bb1+ 41. Ka1 Be4+ 42. Ka2 h5 43. axb6 Bh1 44. Qe7 Qg2 45. Ka3 Qa8+
46. Kb4 Qe4+ 47. Qxe4+ Bxe4 48. Kc3 h4 49. Kd2 Kg6 50. Be5 Kf5 51. Bd6 Kg4 52.
Ke3 Bb7 53. Bf4 g6 54. Bd6 g5 55. Be7 Kh5 56. Bd6 Kg4 57. Be7 1/2-1/2

[Event "World Open, Open Section"]
[Site "Philadelphia"]
[Date "2001.07.07"]
[Round "7"]
[White "Gulko, Boris"]
[Black "Gruenfeld, Yehuda"]
[Result "1/2-1/2"]
[WhiteElo "2708"]
[BlackElo "2618"]
[PlyCount "53"]
[EventDate "2001.07"]

1. c4 Nf6 2. Nc3 c5 3. Nf3 Nc6 4. g3 e6 5. Bg2 d5 6. cxd5 Nxd5 7. O-O Be7 8. d4
O-O 9. e4 Ndb4 10. d5 exd5 11. exd5 Nd4 12. Nxd4 cxd4 13. a3 dxc3 14. axb4 Bxb4
15. Qd4 Bd6 16. bxc3 b6 17. Bf4 Bb7 18. Rfe1 Qd7 19. Bxd6 Qxd6 20. Re3 h6 21.
Rae1 Rad8 22. c4 Bc8 23. h4 Qb4 24. Qf4 b5 25. cxb5 Qxb5 26. Qd4 Bd7 27. Qxa7
1/2-1/2

[Event "World Open, Open Section"]
[Site "Philadelphia"]
[Date "2001.07.07"]
[Round "7"]
[White "Hodgson, Julian"]
[Black "Vovsha, Eli"]
[Result "1-0"]
[WhiteElo "2663"]
[BlackElo "2471"]
[PlyCount "83"]
[EventDate "2001.07"]

1. d4 d6 2. e4 Nf6 3. Nc3 g6 4. Bg5 Bg7 5. f4 h6 6. Bh4 c5 7. e5 Nh5 8. dxc5 {
Diagram #} 8... Nxf4 9. exd6 g5 10. Bf2 Nc6 11. Nge2 O-O 12. Nxf4 gxf4 13. Be2
exd6 14. O-O dxc5 15. Bxc5 Re8 16. Qxd8 Rxd8 17. Rxf4 Nd4 18. Bh5 Be6 19. Raf1
Rd7 20. Rd1 Rad8 21. Bxa7 Nxc2 22. Bb6 Rxd1+ 23. Bxd1 Rd2 24. Rf2 Bxc3 25. Rxd2
Bxd2 26. Bxc2 Kf8 27. Kf2 h5 28. b3 Bg5 29. Be4 Bc8 30. g3 h4 31. gxh4 Bxh4+
32. Kf3 f5 33. Bd5 Bf6 34. Kf4 Kg7 35. a4 Bc3 36. Bd8 Bd4 37. a5 Bg1 38. h4 Bf2
39. Kg5 Bg1 40. Bb6 Bh2 41. Bd4+ Kh7 42. Bf7 1-0

[Event "World Open, Open Section"]
[Site "Philadelphia"]
[Date "2001.07.07"]
[Round "7"]
[White "Kriventsov, Stanislav"]
[Black "Solon, Nathan W"]
[Result "1-0"]
[WhiteElo "2449"]
[BlackElo "2219"]
[PlyCount "97"]
[EventDate "2001.07"]

1. e4 c5 2. Nf3 d6 3. d4 cxd4 4. Nxd4 Nf6 5. Nc3 g6 6. Be3 Bg7 7. f3 O-O 8. Qd2
Nc6 9. O-O-O d5 10. Qe1 e5 11. Nxc6 bxc6 12. exd5 Nxd5 13. Bc4 Be6 14. Ne4 Qe7
15. Bc5 Qb7 16. Bxf8 Bxf8 17. Bxd5 cxd5 18. Nf6+ Kh8 19. Qxe5 Bg7 20. g4 Qa6
21. g5 Qxa2 22. Rhe1 Rc8 23. Rd3 d4 24. Qb5 a6 25. Qb4 Bf8 26. Qxd4 Rc4 27. Qe5
Rc8 28. Ra3 Qc4 29. Rc3 Qh4 30. Rxc8 Bxc8 31. Nd7+ Kg8 32. Nxf8 Bf5 33. Qe8 Kg7
34. Kb1 Qb4 35. Qe7 Qc4 36. Ne6+ Bxe6 37. Rxe6 Qxe6 38. Qxe6 fxe6 39. b4 Kf7
40. Kb2 e5 41. Kc3 Ke6 42. Kd3 Kf5 43. c4 Kf4 44. Ke2 e4 45. fxe4 Kxe4 46. c5
Kd5 47. Kd3 a5 48. bxa5 Kxc5 49. Ke4 1-0

[Event "World Open, Open Section"]
[Site "Philadelphia"]
[Date "2001.07.07"]
[Round "7"]
[White "Magar, Thomas P"]
[Black "Delaune, Richard K"]
[Result "0-1"]
[WhiteElo "2205"]
[BlackElo "2385"]
[PlyCount "62"]
[EventDate "2001.07"]

1. d4 d5 2. c4 c6 3. Nf3 Nf6 4. Nc3 e6 5. Bg5 dxc4 6. e4 b5 7. e5 h6 8. Bh4 g5
9. Nxg5 hxg5 10. Bxg5 Nbd7 11. exf6 Qa5 12. Be2 Bb7 13. Bf3 O-O-O 14. O-O Ne5
15. Be4 b4 16. Bf4 Nd3 17. Bxd3 Rxd4 18. Ne2 Rxd3 19. Qc2 Qd5 20. Rad1 c5 21.
f3 Bd6 22. Bg3 Rd8 23. Rde1 Bxg3 24. hxg3 Rd2 25. Qh7 Qe5 26. Nf4 Qxf6 27. Ne2
Qe5 28. f4 Qe3+ 29. Rf2 Rd1 30. Kf1 Rxe1+ 31. Kxe1 Qd2+ 0-1

[Event "World Open, Open Section"]
[Site "Philadelphia"]
[Date "2001.07.07"]
[Round "7"]
[White "Markzon, Gregory"]
[Black "Gonzales, Jayson O"]
[Result "0-1"]
[WhiteElo "2288"]
[BlackElo "2370"]
[PlyCount "82"]
[EventDate "2001.07"]

1. e4 Nf6 2. e5 Nd5 3. d4 d6 4. Nf3 Bg4 5. Bc4 c6 6. O-O dxe5 7. dxe5 e6 8. Re1
Nd7 9. Nbd2 Qc7 10. Qe2 h6 11. h3 Bh5 12. g4 Bg6 13. Nf1 Be7 14. Bd3 Bxd3 15.
Qxd3 h5 16. g5 Nf8 17. Bd2 O-O-O 18. Qe4 f5 19. Qa4 Kb8 20. Be3 c5 21. c4 Nb4
22. Red1 Ng6 23. a3 Nd3 24. b4 f4 25. Bxc5 Bxc5 26. bxc5 Nxc5 27. Qc2 Nxe5 28.
Nxe5 Qxe5 29. h4 f3 30. Rxd8+ Rxd8 31. Rd1 Rf8 32. Qd2 a6 33. Ng3 g6 34. Qc2
Rf4 35. Qxg6 Rg4 36. Qc2 Ne4 37. Kf1 Rxh4 38. Qd3 Qxg3 39. Qd8+ Ka7 40. Qd4+
Ka8 41. Qh8+ Qb8 0-1

[Event "World Open, Open Section"]
[Site "Philadelphia"]
[Date "2001.07.07"]
[Round "7"]
[White "Privman, Boris"]
[Black "Solomon, Kenneth"]
[Result "1/2-1/2"]
[WhiteElo "2299"]
[BlackElo "2390"]
[PlyCount "103"]
[EventDate "2001.07"]

1. d4 Nf6 2. c4 e6 3. Nc3 Bb4 4. Qc2 O-O 5. a3 Bxc3+ 6. Qxc3 b6 7. f3 d5 8. Bg5
Bb7 9. cxd5 exd5 10. e3 Re8 11. O-O-O Nbd7 12. Kb1 Rc8 13. Bd3 Ne4 14. Bxd8
Nxc3+ 15. bxc3 Rcxd8 16. Re1 a6 17. Nh3 c5 18. Kc1 Re7 19. Kd2 Rde8 20. Nf2 g6
21. g4 Kg7 22. h4 Nb8 23. g5 Bc8 24. e4 dxe4 25. Bxe4 Rd8 26. Ke3 cxd4+ 27.
cxd4 Nc6 28. Rd1 Na5 29. d5 Nc4+ 30. Kf4 Nxa3 31. Nd3 Rd6 32. Nb2 f5 33. gxf6+
Rxf6+ 34. Ke3 Nb5 35. Nc4 Nd6 36. Nxd6 Rxd6 37. h5 g5 38. h6+ Kf6 39. Rhg1 Bb7
40. f4 gxf4+ 41. Kxf4 Rf7 42. Rg5 Bc8 43. Re5 Bd7 44. Rf1 Bb5 45. Rf2 a5 46.
Rf5+ Ke7 47. Rxf7+ Kxf7 48. Ke5+ Ke7 49. Rf7+ Kxf7 50. Kxd6 a4 51. Bxh7 a3 52.
Bb1 1/2-1/2

[Event "World Open, Open Section"]
[Site "Philadephia"]
[Date "2001.07.07"]
[Round "7"]
[White "Zimbeck, David"]
[Black "Gold, Paul M"]
[Result "1-0"]
[WhiteElo "2044"]
[BlackElo "2211"]
[PlyCount "53"]
[EventDate "2001.07.08"]

1. e4 c5 2. Nh3 Nc6 3. Nc3 d6 4. g4 g6 5. d3 Bg7 6. Bg2 e6 7. O-O Nge7 8. Be3
O-O 9. f4 f5 10. gxf5 exf5 11. Ng5 Rb8 12. h4 Nd4 13. h5 fxe4 14. hxg6 hxg6 15.
dxe4 Nec6 16. e5 dxe5 17. Bd5+ Kh8 18. Kg2 Bh6 19. Rh1 Nf5 {Diagram #} 20.
Rxh6+ ({Fritz 5.32:} 20. Bxc5 exf4 21. Nce4 Kg7 22. Bxf8+ Qxf8 23. Qd2 Ne3+ 24.
Kh2 {0.34/8}) 20... Nxh6 21. Qh1 Kg7 22. Qxh6+ Kxh6 23. Rh1+ Kg7 24. Rh7+ Kf6
25. Nce4+ Kf5 26. Ng3+ Kg4 27. Bf3# 1-0

[Event "World Open, Open Section"]
[Site "Philadelphia"]
[Date "2001.07.07"]
[Round "7"]
[White "Rensch, Daniel"]
[Black "Bereolos, Peter"]
[Result "0-1"]
[WhiteElo "2283"]
[BlackElo "2366"]
[PlyCount "74"]
[EventDate "2001.07"]

1. e4 e5 2. Nf3 Nc6 3. d4 exd4 4. Nxd4 Nf6 5. Nxc6 bxc6 6. e5 Qe7 7. Qe2 Nd5 8.
c4 Qb4+ 9. Nd2 Nf4 10. Qe4 Ne6 11. a3 Qb6 12. Be2 Bb7 13. O-O c5 14. Qe3 Nd4
15. Bd3 O-O-O 16. b4 cxb4 17. axb4 Bxb4 18. Ne4 Ne6 19. Qe2 Nc5 20. Be3 Qc6 21.
Bxc5 Bxc5 22. Rfb1 Bd4 23. Ra3 Rde8 24. Rab3 Bb6 25. c5 Rxe5 26. cxb6 axb6 27.
Rc3 Rxe4 28. Bxe4 Qxc3 29. Bxb7+ Kxb7 30. Qe7 Qd3 31. Ra1 Ra8 32. Rc1 Qd4 33.
Qxf7 Ra1 34. Qf3+ c6 35. Rf1 b5 36. h3 Rxf1+ 37. Kxf1 b4 0-1

[Event "World Open, Open Section"]
[Site "Philadelphia"]
[Date "2001.07.07"]
[Round "7"]
[White "Rogers, Norman"]
[Black "Simutowe, Amon"]
[Result "0-1"]
[WhiteElo "2323"]
[BlackElo "2570"]
[PlyCount "58"]
[EventDate "2001.07"]

1. e4 c5 2. Nf3 d6 3. d4 cxd4 4. Nxd4 Nf6 5. Nc3 a6 6. a4 e6 7. Be2 Qc7 8. O-O
b6 9. f4 Bb7 10. Bf3 Nbd7 11. Qe2 g6 12. f5 e5 13. Nb3 gxf5 14. exf5 d5 15. Rd1
e4 16. Nxd5 Bxd5 17. Rxd5 Nxd5 18. Qxe4+ Ne5 19. Qxd5 Rd8 20. Qe4 Bg7 21. Bg5
Rd6 22. Re1 O-O 23. Bh5 Rc8 24. f6 Re6 25. fxg7 Nf3+ 26. Bxf3 Rxe4 27. Bxe4 Qc4
28. Bf4 Qb4 29. Re3 Qd6 0-1

[Event "World Open, Open Section"]
[Site "Philadelphia"]
[Date "2001.07.07"]
[Round "7"]
[White "Ruiz, Mauricio"]
[Black "Braylovsky, Gregor"]
[Result "0-1"]
[WhiteElo "2282"]
[BlackElo "2437"]
[PlyCount "21"]
[EventDate "2001.07"]

1. d4 Nf6 2. Nf3 g6 3. c4 Bg7 4. g3 O-O 5. Bg2 d5 6. O-O Na6 7. Nc3 dxc4 8. Ne5
Ne8 9. e3 c5 10. Ne4 cxd4 11. exd4 0-1

[Event "World Open, Open Section"]
[Site "Philadelphia"]
[Date "2001.07.07"]
[Round "7"]
[White "Saidy, Anthony"]
[Black "Betaneli, Alexander"]
[Result "1-0"]
[WhiteElo "2426"]
[BlackElo "2306"]
[PlyCount "156"]
[EventDate "2001.07"]

1. d4 Nf6 2. c4 e6 3. Nc3 Bb4 4. e3 c5 5. Bd3 Nc6 6. Nge2 cxd4 7. exd4 d5 8.
O-O dxc4 9. Bxc4 O-O 10. Qd3 Bd6 11. Rd1 Na5 12. Bb5 Bd7 13. Bg5 Bxb5 14. Qxb5
a6 15. Bxf6 axb5 16. Bxd8 Rfxd8 17. Nxb5 Nc6 18. a3 Ra5 19. Nbc3 Rh5 20. g3 Bb8
21. Rac1 Kf8 22. Rc2 Ba7 23. Rcd2 Rf5 24. Kg2 h5 25. f4 Na5 26. Kf3 g5 27. h3
g4+ 28. hxg4 hxg4+ 29. Ke4 Rh5 30. a4 f5+ 31. Ke3 Nb3 32. Nb5 Nxd2 33. Rxd2 Bb8
34. Rc2 Rh2 35. Rc5 Bd6 36. Nxd6 Rxd6 37. a5 Ke7 38. Rb5 Rd7 39. Kd3 Rg2 40. b4
Rc7 41. Rc5 Kd6 42. Rxc7 Kxc7 43. b5 Kd6 44. a6 bxa6 45. bxa6 Rh2 46. Nc3 Rh8
47. d5 exd5 48. Kd4 Ra8 49. a7 Kc6 50. Nxd5 Rxa7 51. Ne3 Ra5 52. Nc4 Rd5+ 53.
Kc3 Rd8 54. Ne3 Rf8 55. Kd3 Kd6 56. Kd2 Ke6 57. Ke2 Ra8 58. Kf2 Ra2+ 59. Kf1
Rd2 60. Ke1 Rh2 61. Kf1 Rh5 62. Kg2 Kd6 63. Kf2 Kc5 64. Kg2 Kd4 65. Nc2+ Ke4
66. Na3 Rh6 67. Nc4 Rc6 68. Ne5 Rc2+ 69. Kf1 Rc5 70. Kf2 Ra5 71. Ke2 Ra2+ 72.
Kf1 Kd5 73. Kg1 Re2 74. Ng6 Re6 75. Nh4 Ke4 76. Kf2 Rh6 77. Ng2 Rh2 78. Kf1 Kf3
1-0

[Event "World Open, Open Section"]
[Site "Philadelphia"]
[Date "2001.07.07"]
[Round "7"]
[White "Shapiro, Daniel E"]
[Black "Dougherty, Michael"]
[Result "1-0"]
[WhiteElo "2280"]
[BlackElo "2346"]
[PlyCount "103"]
[EventDate "2001.07"]

1. d4 g6 2. c4 Bg7 3. Nf3 d6 4. Nc3 Nf6 5. e4 O-O 6. Be2 e5 7. O-O Nbd7 8. Qc2
c6 9. Rd1 Qe7 10. Rb1 exd4 11. Nxd4 Nc5 12. f3 a5 13. Bf4 {Diagram #} 13... Nh5
14. Nf5 Bxf5 15. Bxd6 Qg5 16. Qc1 Qxc1 17. Rbxc1 Ne6 18. Bxf8 Kxf8 19. exf5
gxf5 20. Rd7 Nc5 21. Rdd1 Re8 22. Kf1 Bh6 23. Rc2 Be3 24. Bd3 Re5 25. g3 f4 26.
Rg2 f5 27. Bc2 fxg3 28. hxg3 f4 29. Ne2 fxg3 30. Nxg3 Nf4 31. Rh2 h5 32. Re1
Ncd3 33. Bxd3 Nxd3 34. Rd1 Nf4 35. Ne2 Ne6 36. Rh4 Nc5 37. Rd8+ Kg7 38. f4 Re4
39. Ng3 Re6 40. Nxh5+ Kf7 41. Rg4 Rg6 42. Rf8+ Kxf8 43. Rxg6 Kf7 44. f5 Bd4 45.
b3 a4 46. bxa4 Nxa4 47. Ke2 c5 48. Rh6 b6 49. Rh7+ Kf8 50. Rb7 Nb2 51. Rxb6
Nxc4 52. Rc6 1-0

[Event "World Open, Open Section"]
[Site "Philadelphia"]
[Date "2001.07.07"]
[Round "7"]
[White "Traldi, Matthew"]
[Black "Larsen, Brett"]
[Result "0-1"]
[WhiteElo "2262"]
[BlackElo "2037"]
[PlyCount "48"]
[EventDate "2001.07"]

1. e4 e6 2. d4 d5 3. e5 c5 4. Qg4 cxd4 5. Nf3 Nc6 6. Bd3 Qc7 7. O-O Bd7 8. Re1
O-O-O 9. a3 f5 10. Qg3 h6 11. h4 g5 12. hxg5 hxg5 13. Bxg5 Be7 14. c3 Bxg5 15.
Nxg5 Nh6 16. b4 Rdg8 17. Qf4 {Diagram #} 17... Qd8 18. Nf3 Rg4 19. Qc1 Qg8 20.
cxd4 {Diagram #} 20... Rxg2+ 21. Kf1 Ng4 22. Ra2 Rh1+ 23. Ke2 Rxf2+ 24. Kd1
Rxa2 0-1

[Event "World Open, Open Section"]
[Site "Philadelphia"]
[Date "2001.07.07"]
[Round "7"]
[White "Van Delft, Meryn"]
[Black "Nagle, Sean"]
[Result "1-0"]
[WhiteElo "2386"]
[BlackElo "2285"]
[PlyCount "103"]
[EventDate "2001.07"]

1. e4 c5 2. Nf3 d6 3. d4 cxd4 4. Nxd4 Nf6 5. Nc3 g6 6. Be3 Bg7 7. f3 O-O 8. Qd2
Nc6 9. O-O-O Nxd4 10. Bxd4 Be6 11. Kb1 Qc7 12. Nd5 Bxd5 13. exd5 Rac8 14. Rc1
e6 15. dxe6 fxe6 16. Bd3 e5 17. Be3 d5 18. c4 d4 19. Bg5 Nh5 20. g4 Nf4 21.
Bxf4 Rxf4 22. Be4 Bh6 23. Bd5+ Kg7 24. Qg2 Qe7 25. h4 g5 26. h5 Kh8 27. Qd2 Bf8
28. Qd3 Rc7 29. Rhe1 Bg7 30. Be4 Bf6 31. c5 Qd7 32. Re2 Qe7 33. Rec2 Qf8 34.
Qa3 Be7 35. Qxa7 Rf6 36. c6 d3 37. Bxd3 Rfxc6 38. Rxc6 Rxc6 39. Qxb7 Rxc1+ 40.
Kxc1 Qf4+ 41. Kb1 Qd4 42. Qe4 Qg1+ 43. Kc2 Qf2+ 44. Qe2 Qd4 45. a3 Bf6 46. Qe4
Qc5+ 47. Kb1 Qe7 48. Qa8+ Kg7 49. Be4 Qc5 50. Qd5 Qc7 51. Ka2 Kf8 52. Qe6 1-0

[Event "World Open, Open Section"]
[Site "Philadelphia"]
[Date "2001.07.07"]
[Round "7"]
[White "Zaitshik, Gennadi"]
[Black "Young, Angelo"]
[Result "1-0"]
[WhiteElo "2568"]
[BlackElo "2402"]
[PlyCount "71"]
[EventDate "2001.07"]

1. e4 e6 2. d3 c5 3. Nf3 Nc6 4. g3 d6 5. Bg2 a6 6. O-O Nge7 7. Be3 Qc7 8. Nbd2
Bd7 9. a3 g6 10. Rb1 Bg7 11. b4 cxb4 12. Nc4 Nc8 13. axb4 b5 14. Na3 Rb8 15.
Qd2 a5 16. c3 O-O 17. Bh6 Bxh6 18. Qxh6 f6 19. Qd2 N8e7 20. Rfe1 Rfc8 21. d4
Nd8 22. Rbc1 Nf7 23. Bf1 Qa7 24. Ra1 Qc7 25. Rac1 Qa7 26. Nc2 a4 27. Na3 Qb7
28. Bg2 e5 29. h3 Kg7 30. Nh2 Rc7 31. Nf1 Qc8 32. Kh2 h6 33. h4 Qh8 34. Kg1 Qc8
35. Kh2 Nc6 36. Ne3 1-0

[Event "World Open, Open Section"]
[Site "Philadelphia"]
[Date "2001.07.07"]
[Round "7"]
[White "Zaremba, Andrei A"]
[Black "Bengtson, Matthew"]
[Result "1/2-1/2"]
[WhiteElo "2367"]
[BlackElo "2284"]
[PlyCount "62"]
[EventDate "2001.07"]

1. e4 c5 2. Nf3 e6 3. d4 cxd4 4. Nxd4 a6 5. Nc3 Qc7 6. Be2 b5 7. O-O Bb7 8. Bf3
Nc6 9. Nxc6 dxc6 10. Qe2 Bd6 11. g3 Nf6 12. Rd1 Be5 13. Bg2 O-O 14. f4 Bxc3 15.
bxc3 Nd7 16. e5 c5 17. Be3 Bxg2 18. Qxg2 Nb6 19. Rd6 Nd5 20. Qd2 Rfd8 21. Rxd8+
Rxd8 22. Rd1 h5 23. a4 Rd7 24. axb5 axb5 25. Bf2 Qc6 26. Ra1 g6 27. Qe1 Nb6 28.
Rd1 Rd5 29. Rxd5 Qxd5 30. Qe2 Qc6 31. Qd3 Nd7 1/2-1/2

[Event "Open Section"]
[Site "Philadelphia"]
[Date "2001.07.08"]
[Round "8"]
[White "Bereolos, Peter"]
[Black "Stein, Kurt W"]
[Result "1-0"]
[WhiteElo "2366"]
[BlackElo "2214"]
[PlyCount "113"]
[EventDate "2001.07"]

1. d4 Nf6 2. c4 c5 3. d5 b5 4. cxb5 a6 5. Nc3 Qa5 6. Bd2 axb5 7. e4 b4 8. e5
bxc3 9. Bxc3 Qa4 10. Qxa4 Rxa4 11. exf6 gxf6 12. Bb5 Ra8 13. Ne2 Bb7 14. Bc4
Bg7 15. Ng3 O-O 16. O-O e6 17. Nh5 exd5 18. Bxf6 Bh8 19. Bd3 Ba6 20. Rfd1 d4
21. Rac1 Bxf6 22. Nxf6+ Kg7 23. Nh5+ Kh6 24. Be4 Ra7 25. Ng3 Rc8 26. Nf5+ Kg5
27. Nd6 Rcc7 28. g3 f5 29. f4+ Kf6 30. Nxf5 d5 31. Bb1 Be2 32. Rd2 d3 33. Ne3
Ke6 34. Bxd3 Bxd3 35. Rxd3 d4 36. Nc2 Nc6 37. a3 Kd5 38. Rd2 Rcb7 39. b4 Rxa3
40. Nxa3 Nxb4 41. Nc4 d3 42. Ne5 Kd4 43. Kf2 Ra7 44. Rc4+ Kd5 45. Rxc5+ Kxc5
46. Nxd3+ Nxd3+ 47. Rxd3 Ra2+ 48. Kg1 h5 49. f5 Ra6 50. Kg2 Rf6 51. Rf3 Kd5 52.
Kh3 h4 53. g4 Ke4 54. Rf1 Ke5 55. g5 Rf8 56. f6 Ke6 57. f7 1-0